000 00289nam a2200085Ia 4500
245 0 _aRomance 101 : how your relationship can survive your kids, and other passion-killers
100 _a Bullen, Sarah Cape Town, 2009
_976572
942 _cBK
008 210817s9999 xx 000 0 und d
999 _c258280
_d258279